000 01258nam a2200313 i 4500
001 24678
003 ES-MaACL
005 20250725232350.0
007 t|
008 021218s1986 sp |||| | spa d
020 _a8476580002
245 0 0 _aAntología de la poesía española e hispanoamericana /
_cselección de textos de José María Valverde y Dámaso Santos ; notas bibliográficas por Julio Segarra.
250 _a1ª ed.
260 _aBarcelona :
_bAnthropos,
_c1986-
300 _a2 v. ;
_c20 cm.
490 1 _aÁmbitos literarios. Poesía ;
_v85
500 _aIndice.
504 _aBibliografía.
505 8 _aContiene: 1ª parte: Desde los orígenes hasta la guerra civil / prólogo y selección de textos de José Mª Valverde. -- V. I: Desde los orígenes hasta el Modernismo. -- V. II: Desde el Modernismo hasta la guerra civil
650 7 _aPoesías españolas
_2embne
_916214
650 4 _aPoesías hispanoamericanas.
_9148477
700 1 _aValverde, José María,
_d1926-1996
_9113013
700 1 _aSantos, Dámaso,
_d1918-2000
_9103466
700 1 _aSegarra, Julio.
_9105123
830 0 _aÁmbitos literarios.
_pPoesía ;
_v85
_9177287
852 _aES-MaACL
_jP-635
942 _2udc
999 _c24678
_d24678